বাংলাদেশের মুক্তিযুদ্ধ : (Record no. 39509)
[ view plain ]
| 000 -LEADER | |
|---|---|
| fixed length control field | 01433nam a22002537a 4500 |
| 001 - CONTROL NUMBER | |
| control field | 39509 |
| 003 - CONTROL NUMBER IDENTIFIER | |
| rucl marc code | BD-RjUL |
| 005 - DATE AND TIME OF LATEST TRANSACTION | |
| control field | 20230223105440.0 |
| 008 - FIXED-LENGTH DATA ELEMENTS--GENERAL INFORMATION | |
| fixed length control field | 160411r20122009bg ||||| |||| 00| 0 ben d |
| 020 ## - INTERNATIONAL STANDARD BOOK NUMBER | |
| International Standard Book Number | 9789848815335 |
| Terms of availability | : Tk. 450.00 |
| 035 ## - SYSTEM CONTROL NUMBER | |
| System control number | (BD-RjUL)39509 |
| 040 ## - CATALOGING SOURCE | |
| Original cataloging agency | BD-RjUL |
| Language of cataloging | ben |
| Transcribing agency | BD-RjUL |
| 041 ## - LANGUAGE CODE | |
| Language code of text/sound track or separate title | ben |
| 082 ## - DEWEY DECIMAL CLASSIFICATION NUMBER | |
| Edition number | 23 |
| Classification number | 954.9205 |
| Author mark and year | BAN 2012 |
| 245 ## - TITLE STATEMENT | |
| Title | বাংলাদেশের মুক্তিযুদ্ধ : |
| Remainder of title | ঢাকা ও কলিকাতা বিশ্ববিদ্যালয়ের অবদান / |
| Statement of responsibility, etc. | রংগলাল সেন, দুলাল ভৌমিক ও তুহিন রায় সংকলিত ও সম্পাদিত |
| 260 ## - PUBLICATION, DISTRIBUTION, ETC. (IMPRINT) | |
| Place of publication, distribution, etc. | ঢাকা : |
| Name of publisher, distributor, etc. | দি ইউনিভার্সিটি প্রেস লিমিটেড, |
| Date of publication, distribution, etc. | ২০০৯ [ পুনর্মুদ্রণ ২০১২] |
| 300 ## - PHYSICAL DESCRIPTION | |
| Pagination | xiii, ৩০০ পৃ. ; |
| Size | ২২ সেমি. |
| 650 ## - SUBJECT ADDED ENTRY--TOPICAL TERM | |
| Topical term or geographic name as entry element | বাংলাদেশ- ইতিহাস- মুক্তিযুদ্ধ, ১৯৭১. |
| 9 (RLIN) | 121545 |
| Topical term or geographic name as entry element | Bangladesh- History- Liberation War- 1971. |
| 9 (RLIN) | 121545 |
| 700 ## - ADDED ENTRY--PERSONAL NAME | |
| Personal name | সেন, রংগলাল, সংকলন ও সম্পাদনা |
| Personal name | ভৌমিক, দুলাল, সংকলন ও সম্পাদনা |
| Personal name | রায়, তুহিন, সংকলন ও সম্পাদনা |
| 942 ## - ADDED ENTRY ELEMENTS (KOHA) | |
| Source of classification or shelving scheme | Dewey Decimal Classification |
| Koha item type | Books |
| Lost status | Source of classification or shelving scheme | Damaged status | Not for loan | Collection code | Permanent Location | Current Location | Shelving location | Date acquired | Source of acquisition | Cost, normal purchase price | Total Checkouts | Full call number | Date last seen | Copy number | Koha item type | Total Renewals | Date checked out |
|---|---|---|---|---|---|---|---|---|---|---|---|---|---|---|---|---|---|
| Dewey Decimal Classification | Not For Loan | Non-fiction | Central Library, University of Rajshahi | Central Library, University of Rajshahi | Reading Room | 23/12/2013 | Prothoma Prokashon | 450.00 | B 954.9205 BAN 2012 | 11/04/2016 | C-1 | Books | |||||
| Dewey Decimal Classification | Non-fiction | Central Library, University of Rajshahi | Central Library, University of Rajshahi | 23/12/2013 | Prothoma Prokashon | 450.00 | B 954.9205 BAN 2012 | 11/04/2016 | C-2 | Books | |||||||
| Dewey Decimal Classification | Non-fiction | Central Library, University of Rajshahi | Central Library, University of Rajshahi | 23/12/2013 | Prothoma Prokashon | 450.00 | 6 | B 954.9205 BAN 2012 | 22/08/2022 | C-3 | Books | 19/08/2022 | |||||
| Dewey Decimal Classification | Non-fiction | Central Library, University of Rajshahi | Central Library, University of Rajshahi | General Stacks | 30/03/2017 | Rajshahi : Biddasagar | 450.00 | B 954.9205 BAN 2012 | 23/02/2023 | C-4 | Books | ||||||
| Dewey Decimal Classification | Non-fiction | Central Library, University of Rajshahi | Central Library, University of Rajshahi | General Stacks | 30/03/2017 | Rajshahi : Biddasagar | 450.00 | B 954.9205 BAN 2012 | 23/02/2023 | C-5 | Books | ||||||
| Dewey Decimal Classification | Non-fiction | Central Library, University of Rajshahi | Central Library, University of Rajshahi | General Stacks | 30/03/2017 | Rajshahi : Biddasagar | 450.00 | B 954.9205 BAN 2012 | 23/02/2023 | C-6 | Books |